000
00229nam a2200097Ia 4500
008
230907s9999||||xx |||||||||||||| ||und||
082
_a
352.74
_b
PUB
245
0
_a
Public affairs management /
300
_a
4 volumes :
942
_c
BK
999
_c
599419
_d
599419